Why controlliing climate change is more difficult than stopping stratospheric ozone depletion (Record no. 72409)

MARC details
000 -LEADER
fixed length control field 00362nam a2200121Ia 4500
100 ## - MAIN ENTRY--AUTHOR NAME
Personal name Ahuja Dilip R.
245 #0 - TITLE STATEMENT
Title Why controlliing climate change is more difficult than stopping stratospheric ozone depletion
260 ## - PUBLICATION, DISTRIBUTION, ETC. (IMPRINT)
Name of publisher Current Science
Year of publication 2009
300 ## - PHYSICAL DESCRIPTION
Number of Pages 1531-1534
700 ## - ADDED ENTRY--PERSONAL NAME
Personal name Srinivasan J.
942 ## - ADDED ENTRY ELEMENTS (KOHA)
Koha item type Journals
Holdings
Withdrawn status Lost status Damaged status Not for loan Home library Current library Date acquired Serial Enumeration / chronology Koha item type
      Journals RRII Library RRII Library 25/01/2010 Volume 97, Issue 11 Journals